| 000 | 00745nam a2200205Ia 4500 | ||
|---|---|---|---|
| 001 | 160144 | ||
| 003 | 254907 | ||
| 005 | 20250414062546.0 | ||
| 008 | ||||||n9999 ||| || || | ||
| 082 | _a320.6 | ||
| 100 |
_aGómez Osorio, Wilmer _9201377 |
||
| 245 | 0 | _aAnálisis de la política pública de víctimas en Viotá Cundinamarca 2011- 2015 | |
| 504 | _aIncluye bibliografía y webgrafía | ||
| 562 | _e1 | ||
| 650 | 0 |
_aESCUELA SUPERIOR DE ADMINISTRACIÓN PÚBLICA (BOGOTÁ) _vTESIS Y DISERTACIONES ACADÉMICAS _936229 |
|
| 650 | 0 |
_aEspecialización en Proyectos de Desarrollo (Bogotá) _9130972 |
|
| 650 |
_aVÍCTIMAS DE LA VIOLENCIA--ASPECTOS SOCIALES--COLOMBIA _9148172 |
||
| 650 | 0 |
_aPolítica pública _94212 |
|
| 942 | _cTESIS | ||
| 999 |
_c160144 _d160144 |
||